Mery nekompaktnosti i uplotnjajuščije operatory
Gespeichert in:
| Weitere Verfasser: | , |
|---|---|
| Format: | Buch |
| Sprache: | Russisch |
| Veröffentlicht: |
Novosibirsk
Nauka
1986
|
| Ausgabe: | 1. izd. |
| Tags: |
Keine Tags, Fügen Sie das erste Tag hinzu!
|
MARC
| LEADER | 00000nam a2200000 4500 | ||
|---|---|---|---|
| 001 | c028943 | ||
| 005 | 20221220072005.2 | ||
| 041 | 0 | |a rus | |
| 044 | |a RU | ||
| 245 | 1 | 0 | |a Mery nekompaktnosti i uplotnjajuščije operatory |c Red. M.A. Krasnosel'skij, B.N. Sadovskij |
| 250 | |a 1. izd. | ||
| 264 | 1 | |a Novosibirsk |b Nauka |c 1986 | |
| 300 | |a 264 s. | ||
| 700 | 1 | |a Krasnosel'skij, M.A. | |
| 700 | 1 | |a Sadovskij, B.N. | |